Angewandte Betriebsfestigkeit /

Salvato in:
Dettagli Bibliografici
Autori principali: Cottin, Dieter (Autore), Puls, Erdmann (Autore)
Natura: Libro
Lingua:tedesco
Pubblicazione: Wien-München : Carl Hanser Verlag, 1992
Edizione:2.Aufl.
Soggetti:
Tags: Aggiungi Tag
Nessun Tag, puoi essere il primo ad aggiungerne!!

MARC

LEADER 00000nam a22000003a 4500
001 stu42371
005 20150617225720.4
008 940317s1992----gw------------------ger-d
020 |a 3-446-16192-9 
040 |a STU  |b slo 
041 0 |a ger 
044 |a gw 
080 |a 539.4.012 
100 1 |a Cottin, Dieter  |4 aut 
245 1 |a Angewandte Betriebsfestigkeit /  |c [aut.]Dieter Cottin, Erdmann Puls 
250 |a 2.Aufl. 
260 |a Wien-München :  |b Carl Hanser Verlag,  |c 1992 
300 |a 185 s 
650 7 |a namáhanie  |2 stusub 
700 1 |a Puls, Erdmann  |4 aut 
996 |b 284M030843  |c M*8510-1  |l MMKN  |s A  |a 24  |w stu42371_0001